| 000 | 00410 a2200121 4500 | ||
|---|---|---|---|
| 020 | _a0133170993 | ||
| 082 | _a624.171 WEA | ||
| 100 | _aWeaver, William, | ||
| 245 |
_aFinite elements for structural analysis / _cWilliam Weaver, Jr., Paul R. Johnston. |
||
| 260 |
_aEnglewood Cliffs, N.J. : _bPrentice-Hall, _c1984. |
||
| 300 |
_axi, 403 p. : _bill. ; _c24 cm. |
||
| 650 | _aFinite element method. | ||
| 650 | _aStructural analysis (Engineering) | ||
| 999 |
_c1233 _d1233 |
||